000 01238cam a22002651i 4500
003 SA-RiAUC
005 20241014141011.0
008 241014s1938 ||| g 000 0 ara c
040 _aSA-JeALM
_bara
_cSA-RiAUC
_erda
082 0 4 _a237.3
090 _aن 237.3
_b ص ن ع
100 1 _aالصنعاني، محمد بن إسماعيل بن صلاح،
_d1099-1182 هجري
_eمؤلف.
245 1 0 _aسبل السلام :
_bشرح بلوغ المرام من أدلة الأحكام /
_cمحمد بن إسماعيل بن صلاح الأمير الكحلاوي الصنعاني.
246 3 0 _aشرح بلوغ المرام من جمع أدلة الأحكام
264 1 _a[مكان النشر غير محدد] :
_b مطبعة الاستقامة.
_c[1938]
300 _a4 مجلدات ؛
_c24 سم
336 _aنص
_btxt
_2rdacontent
_3كتاب
337 _aبدون وسيط
_bn
_2rdamedia
338 _aمجلد
_bnc
_2rdacarrier
650 7 _aالحديث
_xأحكام
_2aucsh
700 1 2 _aابن حجر العسقلاني، أحمد بن علي بن محمد،
_d773-852 هجري
740 0 2 _aبلوغ المرام من جمع أدلة الأحكام.
942 _2ddc
_cRARE BOOK
_n0
949 _aSA-JeALM
_d241014
_umohamedma123
_n1
999 _c1307
_d1307